[Event "Women's Speed Chess GP1"]
[Site "chess.com INT"]
[Date "2020.06.25"]
[Round "2.4"]
[White "Vaishali, R"]
[Black "Munkhzul, Turmunkh"]
[Result "1-0"]
[WhiteTitle "WGM"]
[BlackTitle "WIM"]
[WhiteElo "2393"]
[BlackElo "2278"]
[WhiteFideId "5091756"]
[BlackFideId "4901878"]
[EventDate "2020.06.24"]
[EventType "k.o. blitz"]

1. e4 c5 2. Nf3 d6 3. d4 cxd4 4. Nxd4 Nf6 5. Nc3 a6 6. a3 e5 7. Nf5 d5 8. Bg5 d4
9. Bxf6 Qxf6 10. Nd5 Qd8 11. Qg4 Bxf5 12. Qxf5 Nc6 13. Bc4 Bd6 14. h4 O-O 15. h5
h6 16. Rh3 b5 17. Ba2 Qc8 18. Nf6+ gxf6 19. Rg3+ 1-0

[Event "Women's Speed Chess GP1"]
[Site "chess.com INT"]
[Date "2020.06.25"]
[Round "2.5"]
[White "Munkhzul, Turmunkh"]
[Black "Vaishali, R"]
[Result "0-1"]
[WhiteTitle "WIM"]
[BlackTitle "WGM"]
[WhiteElo "2278"]
[BlackElo "2393"]
[WhiteFideId "4901878"]
[BlackFideId "5091756"]
[EventDate "2020.06.24"]
[EventType "k.o. blitz"]

1. e4 c5 2. Nf3 Nc6 3. d4 cxd4 4. Nxd4 Nf6 5. Nc3 d6 6. Bg5 g6 7. Nxc6 bxc6 8.
e5 dxe5 9. Qxd8+ Kxd8 10. O-O-O+ Kc7 11. Bc4 Ng4 12. Bh4 Bh6+ 13. Kb1 f5 14.
Rhe1 g5 15. h3 gxh4 16. hxg4 Bg7 17. gxf5 Bxf5 18. f4 Rad8 19. fxe5 Rxd1+ 20.
Nxd1 Rd8 21. Ne3 Bg6 22. Bd3 Bxe5 23. Nf5 Bf6 24. Nxe7 Bxd3 25. cxd3 Rxd3 26.
Nf5 Rd2 27. Kc1 Rxg2 28. Rh1 Bxb2+ 29. Kb1 Bf6 30. Nxh4 Rb2+ 31. Kc1 Rxa2 32.
Rh3 Bxh4 33. Rxh4 Rf2 34. Rxh7+ Kb6 35. Kb1 a5 36. Rh8 Kb5 37. Rb8+ Kc4 38. Ra8
Kb4 39. Rb8+ Ka4 40. Rc8 Kb5 41. Rb8+ Ka6 42. Ra8+ Kb6 43. Kc1 c5 44. Rb8+ Ka6
45. Ra8+ Kb5 46. Rb8+ Ka4 47. Rc8 Kb4 48. Rb8+ Kc3 49. Kb1 a4 50. Ra8 Kb3 51.
Rb8+ Kc3 52. Ra8 Rf4 53. Ra5 Rb4+ 54. Ka2 c4 55. Ka3 Rb1 56. Ka2 Rb2+ 57. Ka3
Rb3+ 58. Ka2 a3 59. Rh5 Rb8 60. Rh3+ Kc2 61. Rh2+ Kc3 62. Rh3+ Kd4 63. Rh4+ Kc5
64. Rh5+ Kb4 65. Rh1 Rf8 66. Rh2 Rd8 67. Rg2 Rd4 68. Rh2 c3 69. Ka1 Rd1+ 70. Ka2
Rd2+ 0-1

[Event "Women's Speed Chess GP1"]
[Site "chess.com INT"]
[Date "2020.06.25"]
[Round "2.6"]
[White "Vaishali, R"]
[Black "Munkhzul, Turmunkh"]
[Result "1-0"]
[WhiteTitle "WGM"]
[BlackTitle "WIM"]
[WhiteElo "2393"]
[BlackElo "2278"]
[WhiteFideId "5091756"]
[BlackFideId "4901878"]
[EventDate "2020.06.24"]
[EventType "k.o. blitz"]

1. e4 c5 2. Nf3 d6 3. c3 Nf6 4. Be2 g6 5. O-O Bg7 6. Bb5+ Bd7 7. Bxd7+ Nbxd7 8.
Re1 O-O 9. d4 cxd4 10. cxd4 e5 11. Nc3 Rc8 12. h3 a6 13. Bg5 h6 14. Be3 b5 15.
a3 Qe7 16. Qd2 Nb6 17. dxe5 Nfd7 18. exd6 Qe6 19. Bxb6 Nxb6 20. e5 Nc4 21. Qe2
Rfe8 22. Rad1 Rcd8 23. Nd4 Qxe5 24. Qxe5 Bxe5 25. Nc6 Rxd6 26. Rxd6 Nxd6 27.
Rxe5 1-0

[Event "Women's Speed Chess GP1"]
[Site "chess.com INT"]
[Date "2020.06.25"]
[Round "2.7"]
[White "Munkhzul, Turmunkh"]
[Black "Vaishali, R"]
[Result "0-1"]
[WhiteTitle "WIM"]
[BlackTitle "WGM"]
[WhiteElo "2278"]
[BlackElo "2393"]
[WhiteFideId "4901878"]
[BlackFideId "5091756"]
[EventDate "2020.06.24"]
[EventType "k.o. blitz"]

1. e4 c5 2. Nf3 Nc6 3. d4 cxd4 4. Nxd4 Nf6 5. Nc3 d6 6. Bg5 g6 7. Nxc6 bxc6 8.
e5 dxe5 9. Qxd8+ Kxd8 10. Rd1+ Nd7 11. Bc4 f6 12. Be3 Kc7 13. O-O Nb6 14. Bb3 h5
15. a4 a5 16. Bf7 Bh6 17. Bc5 Bf5 18. Bxe7 Rh7 19. Bd6+ Kb7 20. Bb3 Rd7 21. Bc5
Rad8 22. f3 Bd2 23. Nd5 Rxd5 24. Bxd5 Rxd5 25. Be7 Bxc2 26. Ra1 f5 27. h4 Bd3
28. Rfd1 Be2 29. Rdb1 Be3+ 30. Kh2 Rd2 31. Kh3 Nd5 32. Bg5 Bxg5 33. hxg5 Nf4+
34. Kg3 Bd3 35. Rg1 Ne2+ 36. Kf2 Nxg1+ 37. Ke3 Rxb2 38. Rxg1 e4 39. fxe4 Bxe4
40. Kd4 Rxg2 41. Rc1 Rxg5 0-1

[Event "Women's Speed Chess GP1"]
[Site "chess.com INT"]
[Date "2020.06.25"]
[Round "2.8"]
[White "Vaishali, R"]
[Black "Munkhzul, Turmunkh"]
[Result "0-1"]
[WhiteTitle "WGM"]
[BlackTitle "WIM"]
[WhiteElo "2393"]
[BlackElo "2278"]
[WhiteFideId "5091756"]
[BlackFideId "4901878"]
[EventDate "2020.06.24"]
[EventType "k.o. blitz"]

1. e4 c5 2. Nf3 d6 3. Bb5+ Nd7 4. O-O a6 5. Bd3 Ngf6 6. Re1 e5 7. c3 Be7 8. Bc2
O-O 9. d4 b5 10. a4 b4 11. Nbd2 Bb7 12. d5 a5 13. Bd3 Nb6 14. Nc4 Nxc4 15. Bxc4
Bc8 16. cxb4 cxb4 17. h3 h6 18. b3 Bd7 19. Ra2 Rc8 20. Rc2 Nh7 21. Bb2 Qb6 22.
Qe2 Ng5 23. Bc1 Nxf3+ 24. Qxf3 f5 25. exf5 Bxf5 26. Rce2 Qd4 27. Qg3 Bh4 28. Qe3
Qxe3 29. Bxe3 Bd7 30. Bb6 Bd8 31. Bxd8 Rfxd8 32. Rc1 Rc5 33. Rec2 Bf5 34. Ra2
Rdc8 35. Rd1 Kf8 36. g3 Bxh3 37. f4 exf4 38. gxf4 Bf5 39. Kf2 Kf7 40. Kg3 R5c7
41. Re2 Re8 42. Rxe8 Kxe8 43. Re1+ Re7 44. Rf1 Kf7 45. Rf3 Kf6 46. Rf1 Re3+ 47.
Rf3 Rxf3+ 48. Kxf3 g6 49. Kg3 h5 50. Kf3 g5 51. fxg5+ Kxg5 52. Kg3 Bc2 53. Kf3
Kf5 54. Ke3 Ke5 55. Kf3 Be4+ 56. Ke3 Bxd5 0-1

[Event "Women's Speed Chess GP1"]
[Site "chess.com INT"]
[Date "2020.06.25"]
[Round "2.9"]
[White "Munkhzul, Turmunkh"]
[Black "Vaishali, R"]
[Result "0-1"]
[WhiteTitle "WIM"]
[BlackTitle "WGM"]
[WhiteElo "2278"]
[BlackElo "2393"]
[WhiteFideId "4901878"]
[BlackFideId "5091756"]
[EventDate "2020.06.24"]
[EventType "k.o. blitz"]

1. e3 Nf6 2. Nf3 g6 3. d4 Bg7 4. Bd3 O-O 5. O-O d5 6. c3 c5 7. Nbd2 Nbd7 8. Re1
Re8 9. Nf1 e5 10. dxe5 Nxe5 11. Nxe5 Rxe5 12. c4 dxc4 13. Bxc4 Be6 14. Bxe6 Rxe6
15. Qc2 Qc7 16. Ng3 h5 17. h4 Ng4 18. Bd2 Qe7 19. f3 Qxh4 20. fxg4 Qxg3 21. gxh5
Be5 22. Rf1 Qh2+ 23. Kf2 Rf6+ 24. Ke1 Qg3+ 25. Ke2 Qxg2+ 26. Kd3 Rd8+ 27. Kc4
Qd5+ 0-1

[Event "Women's Speed Chess GP1"]
[Site "chess.com INT"]
[Date "2020.06.25"]
[Round "2.10"]
[White "Vaishali, R"]
[Black "Munkhzul, Turmunkh"]
[Result "0-1"]
[WhiteTitle "WGM"]
[BlackTitle "WIM"]
[WhiteElo "2393"]
[BlackElo "2278"]
[WhiteFideId "5091756"]
[BlackFideId "4901878"]
[EventDate "2020.06.24"]
[EventType "k.o. blitz"]

1. e4 c5 2. Nf3 d6 3. d4 cxd4 4. Nxd4 Nf6 5. Nc3 a6 6. a3 e5 7. Nf5 d5 8. Bg5 d4
9. Bxf6 Qxf6 10. Nd5 Qd8 11. Qg4 Bxf5 12. Qxf5 Nd7 13. Bc4 Bd6 14. h4 Rc8 15.
Bb3 Nc5 16. h5 Nxb3 17. cxb3 h6 18. Rh3 Rc2 19. Rg3 Qd7 20. Qxd7+ Kxd7 21. Rxg7
Ke6 22. Rg3 Rhc8 23. b4 Rxb2 24. Rf3 Be7 25. Kf1 Rcc2 26. g3 Bg5 27. Kg2 d3 28.
Rxd3 Rxf2+ 29. Kh3 f5 30. exf5+ Kxf5 31. g4+ Ke4 32. Rad1 Rh2+ 33. Kg3 Bf4+ 34.
Nxf4 exf4# 0-1

[Event "Women's Speed Chess GP1"]
[Site "chess.com INT"]
[Date "2020.06.25"]
[Round "2.11"]
[White "Munkhzul, Turmunkh"]
[Black "Vaishali, R"]
[Result "1/2-1/2"]
[WhiteTitle "WIM"]
[BlackTitle "WGM"]
[WhiteElo "2278"]
[BlackElo "2393"]
[WhiteFideId "4901878"]
[BlackFideId "5091756"]
[EventDate "2020.06.24"]
[EventType "k.o. blitz"]

1. e4 c5 2. Nf3 Nc6 3. d4 cxd4 4. Nxd4 Nf6 5. Nc3 d6 6. Bg5 g6 7. Bxf6 exf6 8.
Bb5 Bd7 9. O-O Bg7 10. Re1 O-O 11. Nf3 Be6 12. Nd4 Bd7 13. Nf3 Be6 14. Qd2 f5
15. exf5 Bxf5 16. Rad1 Ne5 17. Nd4 Bg4 18. f3 Bd7 19. Bxd7 Qxd7 20. Ne4 Rfd8 21.
c3 Rac8 22. Qf2 a6 23. Kh1 b5 24. Nb3 Qc7 25. Rd5 Nc4 26. Red1 a5 27. Rxb5 a4
28. Nd4 d5 29. Ng3 Re8 30. Nf1 Qd7 31. Rb4 Ne5 32. Nc2 h5 33. Nce3 Nc6 34. Rxa4
d4 35. cxd4 Nxd4 36. b3 Qe6 37. Raxd4 Bxd4 38. Rxd4 Rc1 39. Rd1 Rxd1 40. Nxd1
Qe1 41. Qxe1 Rxe1 42. Ne3 Ra1 43. a4 Rb1 44. Kg1 Rxb3 45. a5 Rb4 46. Kf2 Ra4 47.
Nd2 Rxa5 48. Ndc4 Ra7 49. Kg3 Kg7 50. h4 Ra4 51. Kf2 Ra1 52. Kg3 Ra2 53. Ne5 Re2
54. N5c4 f6 55. f4 Re1 56. Kf3 Ra1 57. g3 Ra2 58. Nb6 Ra6 59. Nbd5 Ra5 60. Ke4
Kf7 61. Nc3 Ra3 62. Nb5 Rb3 63. Nd4 Rb4 64. Kd3 Rb1 65. f5 g5 66. hxg5 fxg5 67.
Ke2 Rb2+ 68. Kf3 Ra2 69. Ne2 Ra3 70. Nd4 Kf6 71. Nc2 Rc3 72. Nb4 Rb3 73. Nd5+
Ke5 74. f6 g4+ 75. Kf2 Ke6 76. Ke2 Ra3 77. Kd2 Ra2+ 78. Kd3 Ra1 79. Ke4 Rg1 80.
Kf4 Kf7 81. Kg5 Rxg3 82. Kxh5 Rxe3 83. Nxe3 Kxf6 84. Kxg4 1/2-1/2

[Event "Women's Speed Chess GP1"]
[Site "chess.com INT"]
[Date "2020.06.25"]
[Round "2.1"]
[White "Gunina, Valentina"]
[Black "Ju, Wenjun"]
[Result "0-1"]
[WhiteTitle "GM"]
[BlackTitle "GM"]
[WhiteElo "2431"]
[BlackElo "2560"]
[WhiteFideId "4167570"]
[BlackFideId "8603006"]
[EventDate "2020.06.24"]
[EventType "k.o. blitz"]

1. d4 Nf6 2. c4 e6 3. Nf3 d5 4. Nc3 Bb4 5. Bd2 O-O 6. e3 b6 7. cxd5 exd5 8. Bd3
Bb7 9. O-O Bd6 10. Ne5 c5 11. f4 Nc6 12. Nb5 Be7 13. Qf3 a6 14. Nxc6 Bxc6 15.
Nc3 Re8 16. Be1 cxd4 17. exd4 Ne4 18. Rc1 Bf6 19. Ne2 Bb5 20. Bxb5 axb5 21. a3
Rc8 22. Bb4 Qd7 23. Qd3 h6 24. h3 Rc4 25. b3 Rxc1 26. Rxc1 Be7 27. Bxe7 Rxe7 28.
Qc2 g6 29. Qc8+ Qxc8 30. Rxc8+ Kg7 31. Rc6 Nd2 32. Nc3 Re1+ 33. Kf2 Rc1 34. Ke3
Nxb3 35. Kd3 Rg1 36. Nxd5 Rxg2 37. f5 gxf5 38. Kc3 Rg3+ 39. Kb2 Nxd4 40. Rxb6
Rxh3 41. Nf4 Rh4 42. Nd5 f4 43. Rd6 f3 44. Ne3 f2 45. Kc3 Re4 0-1

[Event "Women's Speed Chess GP1"]
[Site "chess.com INT"]
[Date "2020.06.25"]
[Round "2.2"]
[White "Ju, Wenjun"]
[Black "Gunina, Valentina"]
[Result "1-0"]
[WhiteTitle "GM"]
[BlackTitle "GM"]
[WhiteElo "2560"]
[BlackElo "2431"]
[WhiteFideId "8603006"]
[BlackFideId "4167570"]
[EventDate "2020.06.24"]
[EventType "k.o. blitz"]

1. d4 Nf6 2. c4 e6 3. g3 d5 4. Nf3 Be7 5. Bg2 O-O 6. O-O Nbd7 7. Qc2 c6 8. Nbd2
b6 9. e4 dxc4 10. Nxc4 Bb7 11. Rd1 b5 12. Ne3 Rc8 13. b3 Re8 14. Bb2 Qb6 15.
Rac1 c5 16. d5 exd5 17. e5 d4 18. exf6 Nxf6 19. Nf1 Be4 20. Qd2 Qb7 21. Ne1 Bxg2
22. Nxg2 Ne4 23. Qd3 Ng5 24. Nd2 c4 25. bxc4 bxc4 26. Nxc4 Nh3+ 27. Kf1 Bg5 28.
Rc2 Rcd8 29. Bc1 h6 30. Nd2 Be3 31. Nc4 Qf3 32. Qe2 Qf6 33. Ncxe3 dxe3 34. Bxe3
Rxd1+ 35. Qxd1 Qf5 36. Rd2 Kh7 37. Qc2 Re4 38. Rd4 1-0

[Event "Women's Speed Chess GP1"]
[Site "chess.com INT"]
[Date "2020.06.25"]
[Round "2.3"]
[White "Gunina, Valentina"]
[Black "Ju, Wenjun"]
[Result "0-1"]
[WhiteTitle "GM"]
[BlackTitle "GM"]
[WhiteElo "2431"]
[BlackElo "2560"]
[WhiteFideId "4167570"]
[BlackFideId "8603006"]
[EventDate "2020.06.24"]
[EventType "k.o. blitz"]

1. e4 e5 2. Nf3 Nf6 3. Nxe5 d6 4. Nf3 Nxe4 5. d3 Nf6 6. d4 d5 7. Bd3 Bd6 8. O-O
O-O 9. Bg5 Bg4 10. Nbd2 Nbd7 11. c3 c6 12. Qc2 Qc7 13. Rae1 Rfe8 14. Re3 Bf4 15.
Bxf4 Qxf4 16. Rfe1 Rxe3 17. fxe3 Qd6 18. e4 dxe4 19. Nxe4 Nxe4 20. Bxe4 g6 21.
Qb3 Rb8 22. Ng5 Qe7 23. h4 h6 24. Nh7 Bf5 25. Re3 Bxe4 0-1

[Event "Women's Speed Chess GP1"]
[Site "chess.com INT"]
[Date "2020.06.25"]
[Round "2.4"]
[White "Ju, Wenjun"]
[Black "Gunina, Valentina"]
[Result "0-1"]
[WhiteTitle "GM"]
[BlackTitle "GM"]
[WhiteElo "2560"]
[BlackElo "2431"]
[WhiteFideId "8603006"]
[BlackFideId "4167570"]
[EventDate "2020.06.24"]
[EventType "k.o. blitz"]

1. d4 Nf6 2. c4 e6 3. g3 Bb4+ 4. Bd2 c5 5. Bxb4 cxb4 6. Bg2 Qc7 7. Nd2 O-O 8. e3
d6 9. Ne2 e5 10. O-O Bg4 11. h3 Bh5 12. g4 Bg6 13. Ng3 Nbd7 14. Rc1 Qb6 15. Nf3
Rfe8 16. Re1 Rad8 17. Nh4 Nf8 18. Nhf5 Ne6 19. d5 Nc5 20. b3 e4 21. Rc2 Nd3 22.
Rf1 Bxf5 23. Nxf5 g6 24. Ng3 Nc5 25. Qd4 Nfd7 26. Rd1 Re5 27. Nxe4 Nxe4 28. Bxe4
Nc5 29. Bg2 Rde8 30. Re2 Qc7 31. f4 R5e7 32. e4 Qd8 33. e5 Qb6 34. Kh1 Nd7 35.
Qxb6 axb6 36. e6 Nc5 37. f5 f6 38. Kg1 Ra8 39. Kf2 Kg7 40. Kg3 Ree8 41. h4 Kf8 0-1

[Event "Women's Speed Chess GP1"]
[Site "chess.com INT"]
[Date "2020.06.25"]
[Round "2.5"]
[White "Gunina, Valentina"]
[Black "Ju, Wenjun"]
[Result "1-0"]
[WhiteTitle "GM"]
[BlackTitle "GM"]
[WhiteElo "2431"]
[BlackElo "2560"]
[WhiteFideId "4167570"]
[BlackFideId "8603006"]
[EventDate "2020.06.24"]
[EventType "k.o. blitz"]

1. d4 Nf6 2. c4 e6 3. Nf3 d5 4. g3 Bb4+ 5. Bd2 Be7 6. Bg2 O-O 7. O-O c6 8. Qc2
Nbd7 9. a3 b6 10. Bf4 Bb7 11. Nbd2 Rc8 12. b4 c5 13. bxc5 bxc5 14. Qa4 Bc6 15.
Qa6 dxc4 16. Nxc4 1-0

[Event "Women's Speed Chess GP1"]
[Site "chess.com INT"]
[Date "2020.06.25"]
[Round "2.6"]
[White "Ju, Wenjun"]
[Black "Gunina, Valentina"]
[Result "0-1"]
[WhiteTitle "GM"]
[BlackTitle "GM"]
[WhiteElo "2560"]
[BlackElo "2431"]
[WhiteFideId "8603006"]
[BlackFideId "4167570"]
[EventDate "2020.06.24"]
[EventType "k.o. blitz"]

1. d4 Nf6 2. c4 e6 3. Nf3 d5 4. e3 Be7 5. b3 O-O 6. Bd3 b6 7. O-O Bb7 8. Bb2 Na6
9. Nbd2 c5 10. Qe2 Nb4 11. Bb1 Rc8 12. a3 Nc6 13. Bd3 dxc4 14. bxc4 h6 15. Rfd1
Qc7 16. Rac1 Rfd8 17. Nf1 cxd4 18. exd4 Qf4 19. g3 Qg4 20. Ne3 Qh5 21. Ne5 Qxe2
22. Bxe2 Nxe5 23. dxe5 Nd7 24. f3 Nc5 25. Nc2 Nb3 26. Rxd8+ Rxd8 27. Rd1 Rxd1+
28. Bxd1 Nd2 29. Be2 Bxf3 30. Bd3 Bd1 31. Ne3 Bc5 32. Kf2 a5 33. h3 Ba4 34. Ke2
Nb3 35. Nc2 Be7 36. Ne3 Nc5 37. Bb1 Bc6 38. Bd4 Kf8 39. Nd1 Na4 40. Nb2 Bc5 41.
Bxc5+ Nxc5 42. Ke3 Ke7 43. Nd1 Nd7 44. Kd4 Nc5 45. Nc3 Nb3+ 46. Ke3 Bg2 47. h4
Nc5 48. Bc2 Kd7 49. Kd4 Bc6 50. Ke3 Ke7 51. Kd4 f6 52. exf6+ Kxf6 53. Ke3 Ke5
54. Bd1 Be4 55. Be2 Bf5 56. Bd1 Bd3 57. Be2 Bf5 58. g4 Bg6 59. Nb5 Be8 60. Nc7
Bc6 61. Bf3 Bxf3 62. Kxf3 Kd4 63. g5 hxg5 64. hxg5 g6 65. Ne8 Kxc4 66. Kf4 Kd4
67. Nd6 e5+ 68. Kf3 e4+ 69. Ke2 Ne6 70. Nc8 Nf4+ 71. Ke1 b5 72. Nd6 b4 73. axb4
axb4 0-1

[Event "Women's Speed Chess GP1"]
[Site "chess.com INT"]
[Date "2020.06.25"]
[Round "2.7"]
[White "Gunina, Valentina"]
[Black "Ju, Wenjun"]
[Result "1-0"]
[WhiteTitle "GM"]
[BlackTitle "GM"]
[WhiteElo "2431"]
[BlackElo "2560"]
[WhiteFideId "4167570"]
[BlackFideId "8603006"]
[EventDate "2020.06.24"]
[EventType "k.o. blitz"]

1. d4 Nf6 2. c4 e6 3. Nf3 d5 4. Nc3 Bb4 5. Bd2 O-O 6. e3 b6 7. cxd5 exd5 8. Bd3
Bb7 9. a3 Bd6 10. O-O c5 11. Rc1 Nc6 12. dxc5 bxc5 13. Na4 c4 14. Bb1 Ne4 15.
Bc3 Rc8 16. Bd4 Nxd4 17. Qxd4 Bc6 18. Nc3 Bc5 19. Qe5 Re8 20. Qh5 g6 21. Qh6 Bf8
22. Qf4 Bg7 23. Bxe4 dxe4 24. Rfd1 Qe7 25. Nd4 Ba8 26. Qg4 Red8 27. Nce2 Rb8 28.
Rd2 Rbc8 29. Rcd1 Bb7 30. h4 h5 31. Qh3 Bf6 32. g4 hxg4 33. Qxg4 Qd7 34. Qg3 Qc7
35. Nf4 Qe5 36. Kg2 Kg7 37. Rh1 Rh8 38. h5 g5 39. Qg4 Kf8 40. Nfe2 Re8 41. Ng3
Bc8 42. Qe2 Qc5 43. Rc1 Ba6 44. b4 Qc7 45. b5 Bc8 46. Rxc4 Qe5 47. Rc6 Bd7 48.
Ra6 g4 49. Qc4 Rc8 50. Nc6 Bxc6 51. Rxc6 1-0

[Event "Women's Speed Chess GP1"]
[Site "chess.com INT"]
[Date "2020.06.25"]
[Round "2.8"]
[White "Ju, Wenjun"]
[Black "Gunina, Valentina"]
[Result "0-1"]
[WhiteTitle "GM"]
[BlackTitle "GM"]
[WhiteElo "2560"]
[BlackElo "2431"]
[WhiteFideId "8603006"]
[BlackFideId "4167570"]
[EventDate "2020.06.24"]
[EventType "k.o. blitz"]

1. d4 Nf6 2. c4 e6 3. Nf3 d5 4. g3 Bb4+ 5. Bd2 Be7 6. Bg2 O-O 7. O-O Nbd7 8. Qc2
c6 9. Rd1 b6 10. Bf4 Bb7 11. Ne5 Nh5 12. Bd2 Nhf6 13. cxd5 cxd5 14. Nc6 Bxc6 15.
Qxc6 Rc8 16. Qb5 Ne4 17. Be1 Nd6 18. Qd3 Nc4 19. Bc3 Nf6 20. b3 Nd6 21. Nd2 Qd7
22. Rac1 Qb5 23. Qxb5 Nxb5 24. Bb2 Ba3 25. Bxa3 Nxa3 26. e3 Nc2 27. Nc4 Nb4 28.
Nd6 Rxc1 29. Rxc1 Nxa2 30. Ra1 Nc3 31. Rxa7 g5 32. h3 Ne2+ 33. Kh2 Nc1 34. b4
Nd3 35. b5 Nxf2 36. Rb7 Ra8 37. Rxb6 Ra2 38. Ra6 Rb2 39. b6 N2e4 40. b7 Nxd6 41.
Ra8+ Kg7 42. b8=Q Rxb8 43. Rxb8 Nf5 44. Rb3 Ne8 45. g4 Nh4 46. Bf1 Nd6 47. Bd3
Nf3+ 48. Kg3 Nd2 49. Rb2 N2e4+ 50. Kg2 h6 51. Rc2 Nf6 52. Kf3 Nde4 53. Rc6 Nd2+
54. Ke2 Nde4 55. Rc7 Ng3+ 56. Kf3 Nge4 57. Bb5 Nd6 58. Bc6 Nde4 59. Bb5 Nd2+ 60.
Ke2 Nde4 61. Ra7 Nc3+ 62. Kf3 Nxb5 63. Rb7 Nc3 64. Rc7 Nce4 65. Ke2 h5 66. Kf3
hxg4+ 67. hxg4 Nd2+ 68. Ke2 Nc4 69. Kf3 Ne4 70. Rc8 Kf6 71. Rg8 Ncd2+ 72. Ke2
Nb1 73. Kf3 Nbc3 74. Rc8 Nd2+ 75. Kf2 Nce4+ 76. Ke2 Nc4 77. Kf3 e5 78. Rc6+ Ke7
79. Ra6 Ncd2+ 80. Ke2 exd4 81. exd4 Nc4 82. Kd3 Ncd6 83. Ra7+ Ke6 84. Ke3 Nc4+
85. Kf3 Ned2+ 86. Ke2 Ne4 87. Kf3 Ned6 88. Ra6 f5 89. gxf5+ Kxf5 90. Ra8 Nd2+
91. Kg3 N2e4+ 92. Kg2 Kf4 93. Rg8 Ke3 94. Re8 Kxd4 95. Re6 Ke3 96. Re5 d4 97.
Rd5 d3 0-1

[Event "Women's Speed Chess GP1"]
[Site "chess.com INT"]
[Date "2020.06.25"]
[Round "2.9"]
[White "Gunina, Valentina"]
[Black "Ju, Wenjun"]
[Result "1/2-1/2"]
[WhiteTitle "GM"]
[BlackTitle "GM"]
[WhiteElo "2431"]
[BlackElo "2560"]
[WhiteFideId "4167570"]
[BlackFideId "8603006"]
[EventDate "2020.06.24"]
[EventType "k.o. blitz"]

1. d4 d6 2. c4 e5 3. e3 Nc6 4. Nc3 f5 5. Nf3 Nf6 6. Be2 e4 7. Ng5 Be7 8. O-O O-O
9. f3 h6 10. Nh3 exf3 11. Bxf3 Qe8 12. Nf4 Bd7 13. Qc2 Rc8 14. Ncd5 Nxd5 15.
cxd5 Nd8 16. Bd2 g5 17. Bh5 Rf7 18. Bxf7+ Qxf7 19. Ne2 Qxd5 20. Nc3 Qf7 21. Rae1
Nc6 22. Qd3 Re8 23. e4 Bf6 24. exf5 Bxd4+ 25. Kh1 Bf6 26. Rxe8+ Bxe8 27. Nd5 Ne5
28. Nxf6+ Qxf6 29. Qb3+ Bf7 30. Qxb7 Ng4 31. h3 Ne5 32. Qxc7 g4 33. Bf4 gxh3 34.
gxh3 Bd5+ 35. Kh2 Nf3+ 36. Rxf3 Bxf3 37. Qc8+ Kg7 38. Qd7+ Kg8 39. Kg3 Bd5 40.
Qxd6 Qxd6 41. Bxd6 Bxa2 42. Kf4 Kf7 43. Ke5 Bb1 44. Bc5 a6 45. Be3 h5 46. Kf4
Bc2 47. Kg5 1/2-1/2

[Event "Women's Speed Chess GP1"]
[Site "chess.com INT"]
[Date "2020.06.25"]
[Round "2.10"]
[White "Ju, Wenjun"]
[Black "Gunina, Valentina"]
[Result "0-1"]
[WhiteTitle "GM"]
[BlackTitle "GM"]
[WhiteElo "2560"]
[BlackElo "2431"]
[WhiteFideId "8603006"]
[BlackFideId "4167570"]
[EventDate "2020.06.24"]
[EventType "k.o. blitz"]

1. Nf3 d5 2. g3 c6 3. Bg2 Bg4 4. O-O Nd7 5. c4 e6 6. cxd5 exd5 7. d3 Bc5 8. h3
Bh5 9. e4 Ne7 10. g4 Bg6 11. Nh4 dxe4 12. dxe4 Ne5 13. Qc2 Bd4 14. Rd1 c5 15.
Be3 N7c6 16. Nf5 O-O 17. Nc3 Bxf5 18. exf5 Qh4 19. Nd5 Rad8 20. Qe2 Rfe8 21. Nc7
Re7 22. Nd5 Red7 23. Nf4 Bxe3 24. fxe3 h6 25. Rxd7 Rxd7 26. Rc1 b6 27. Rd1 Rxd1+
28. Qxd1 Qg3 29. Qe2 Na5 30. Nh5 Qh4 31. f6 g6 32. Qd2 gxh5 33. Qd8+ Kh7 34. Qe7
Qe1+ 35. Kh2 Qxe3 36. Qf8 Qf4+ 37. Kh1 Qxf6 38. Be4+ Ng6 39. gxh5 Qf1+ 40. Kh2
Qf4+ 41. Kh1 Qxe4+ 42. Kh2 Qf4+ 43. Kh1 Nh4 44. Qa8 Qf1+ 45. Kh2 Qf2+ 46. Kh1
Qe1+ 47. Kh2 Nc4 48. Qd5 Qf2+ 49. Kh1 Ne3 50. Qe4+ Nhf5 51. b4 Nf1 52. Qg2 N1g3+
53. Kh2 Qf4 54. Qc2 Ne4+ 55. Kg1 Qg3+ 56. Kf1 Qxh3+ 57. Ke2 Nd4+ 58. Kd1 Nxc2 0-1

[Event "Women's Speed Chess GP1"]
[Site "chess.com INT"]
[Date "2020.06.25"]
[Round "2.11"]
[White "Gunina, Valentina"]
[Black "Ju, Wenjun"]
[Result "1-0"]
[WhiteTitle "GM"]
[BlackTitle "GM"]
[WhiteElo "2431"]
[BlackElo "2560"]
[WhiteFideId "4167570"]
[BlackFideId "8603006"]
[EventDate "2020.06.24"]
[EventType "k.o. blitz"]

1. d4 Nf6 2. c4 g6 3. Nc3 Bg7 4. e4 d6 5. Nf3 O-O 6. Be2 e5 7. O-O Nc6 8. Be3
Ng4 9. Bg5 f6 10. Bh4 g5 11. Bg3 Nh6 12. h3 Nf7 13. d5 Ne7 14. b4 f5 15. exf5
Nxf5 16. Ne4 h5 17. Nh2 h4 18. Ng4 hxg3 19. fxg3 N7h6 20. Qd2 Nxg4 21. Bxg4 Nh6
22. Bxc8 Rxc8 23. Nxg5 Qe7 24. Ne6 Rxf1+ 25. Rxf1 Kh8 26. g4 Rg8 27. g5 Nf7 28.
h4 Nd8 29. Qe2 Re8 30. Qh5+ Kg8 31. Nxg7 Kxg7 32. Rf6 Nf7 33. Qg6+ Kh8 34. Rxf7 1-0

[Event "Women's Speed Chess GP1"]
[Site "chess.com INT"]
[Date "2020.06.25"]
[Round "2.1"]
[White "Lagno, Kateryna"]
[Black "Ushenina, Anna"]
[Result "1-0"]
[WhiteTitle "GM"]
[BlackTitle "GM"]
[WhiteElo "2546"]
[BlackElo "2416"]
[WhiteFideId "14109336"]
[BlackFideId "14110911"]
[EventDate "2020.06.24"]
[EventType "k.o. blitz"]

1. e4 c6 2. d4 d5 3. Nd2 dxe4 4. Nxe4 Bf5 5. Ng3 Bg6 6. h4 h6 7. Nf3 e6 8. Ne5
Bh7 9. Bd3 Bxd3 10. Qxd3 Nd7 11. Qe2 Ngf6 12. Bd2 Qc7 13. O-O-O Be7 14. f4 O-O
15. Kb1 Rad8 16. Qf3 c5 17. Be3 Nd5 18. Bf2 cxd4 19. Bxd4 Nxe5 20. Bxe5 Qb6 21.
f5 Qe3 22. Bd4 Qxf3 23. gxf3 b6 24. Nh5 Nf6 25. Nxf6+ Bxf6 26. Bxf6 gxf6 27.
Rhg1+ Kh7 28. c4 Rg8 29. Kc2 Rxd1 30. Rxd1 Rg2+ 31. Rd2 Rg3 32. Rd3 Rg2+ 33. Kc3
e5 34. b4 Rxa2 35. c5 bxc5 36. bxc5 Ra1 37. Kc4 Kg7 38. c6 Ra6 39. Kc5 Ra5+ 40.
Kd6 Ra1 41. Rc3 Rd1+ 42. Ke7 1-0